NFL 4000 Yard Quarterbacks 2025-2026 - Statistics

General Stats
  • This quiz has been taken 301 times
  • The average score is 4 of 5
Answer Stats
Yards Quarterback % Correct
4,448 Matthew Stafford
99%
4,203 Drake Maye
96%
4,233 Jared Goff
85%
4,482 Dak Prescott
82%
4,048 Sam Darnold
79%
No matching quizzes found
Score Distribution
Percent of People with Each Score
Percentile by Number Answered
Your Score History
You have not taken this quiz